000 00428cam a2200193ua 4500
001 9264
008 150225n ii |||gr||||Z||||||eng
020 _a8174761624
040 _cMAIN
041 _aeng
082 _a821
100 _aMilton, J.,
_eAuthor.
245 1 _aParadise lost
_cBy John Milton
250 _a1st.
260 _aNew Delhi:
_bUBS,
_c2004.
300 _axv,328p.
653 _aEnglish poetry
942 _cBK
999 _c8331
_d8331